| 000 | 00506nam a2200181Ia 4500 | ||
|---|---|---|---|
| 003 | GCL | ||
| 008 | 140319s9999 xx 000 0 eng d | ||
| 020 | _a9757307645 | ||
| 040 |
_aGCL / _cGCL |
||
| 082 | 0 | 4 |
_a320 _bM O |
| 245 | 1 | 0 | _aOIC - EU JOINT FORUM |
| 260 |
_aتركيا : _bMINISTRY OF FOREIGN AFFAIRS OF THE REPUBLIC OF TURKEY ، _c2002 |
||
| 300 |
_a24 CM ؛ _c299 P |
||
| 650 | 0 | 4 | _aPOLITICAL SCIENCE - HISTORY |
| 650 | 0 | 4 | _aPOLITICAL ACTIVITIES |
| 650 | 0 | 4 | _aPOLITICAL SCIENCE |
| 942 |
_2ddc _cBK |
||
| 999 |
_c5805 _d5805 |
||